Kadra Atletico Madryt w La Liga 2015/16 - Statystyki

Ogólne statystyki
  • Ten quiz został rozwiązany 27 razy
  • Średni wynik to 15 z 30
Statystyki odpowiedzi
Numer Narodowość Zawodnik % Poprawnych
7 Francja Antoine Griezmann
92%
2 Urugwaj Diego Godin
92%
13 Słowenia Jan Oblak
92%
24 Urugwaj Jose Maria Gimenez
92%
6 Hiszpania Koke
88%
3 Brazylia Filipe Luis
79%
14 Hiszpania Gabi
75%
17 Hiszpania Saul Niguez
75%
15 Czarnogóra Stefan Savić
75%
21 Belgia Yannick Carrasco
75%
9 Hiszpania Fernando Torres
67%
10 Hiszpania Oliver Torres
67%
22 Ghana Thomas Partey
67%
20 Hiszpania Juanfran
58%
1 Hiszpania Miguel Angel Moya
54%
16 Argentyna Angel Correa
50%
11 Kolumbia Jackson Martinez
50%
5 Portugalia Tiago
50%
8 Hiszpania Raul Garcia
42%
19 Francja Lucas Hernandez
33%
4 Brazylia Guilherme Siqueira
29%
33 Francja Theo Hernandez
29%
12 Argentyna Augusto Fernandez
25%
34 Hiszpania Samuel Villa
25%
23 Argentyna Luciano Vietto
17%
18 Hiszpania Jesus Gamez
13%
8 Argentyna Matias Kranevitter
13%
27 Hiszpania Borja Gonzalez
8%
32 Hiszpania Nacho Monsalve
4%
28 Hiszpania Roberto Nunez
4%
Nie znaleziono quizów pasujących do podanych kryteriów
Rozkład punktacji
Procent ludzi z każdym wynikiem
Percentyl według liczby udzielonych odpowiedzi
Twoja historia wyników
Nie rozwiązałeś tego quizu